| 000 | 00708cam a2200241 4500 | ||
|---|---|---|---|
| 001 | ABS64232 | ||
| 008 | 010726n2001 000 0 eng u | ||
| 035 | _a(Sirsi) u113823 | ||
| 245 | _aRegional survey: West Midlands | ||
| 260 | _c2001 | ||
| 490 |
_aProperty Week _v66(27) 6 July 2001, 45-74(11) |
||
| 590 | _aABS | ||
| 650 | _aWEST MIDLANDS | ||
| 650 | _aBIRMINGHAM | ||
| 650 | _aSOLIHULL | ||
| 650 | _aINDUSTRIAL MARKET | ||
| 650 | _aPROPERTY-COMMERCIAL PROPERTY-RETAIL PROPERTY-RETAIL PROPERTY MARKET | ||
| 650 | _aLEISURE MARKET | ||
| 650 | _aOUT OF TOWN SHOPPING CENTRES | ||
| 650 | _aSPORTS STADIUMS | ||
| 690 | _aPROPERTY-COMMERCIAL PROPERTY-COMMERCIAL PROPERTY MARKET | ||
| 942 | _n0 | ||
| 999 |
_c67810 _d67810 |
||